| 000 | 00864nam a2200289 a 4500 | ||
|---|---|---|---|
| 001 | vtls001402940 | ||
| 003 | NLI | ||
| 005 | 20210627113241.0 | ||
| 008 | 121127s1962 ja 000 0 eng | ||
| 020 | _cUSD 10.00 | ||
| 039 | 9 |
_y201211272020 _zVLOAD |
|
| 040 |
_aNLI _beng _cDatasoft_2012 _eAACR2 |
||
| 041 | 1 | _aeng | |
| 044 | _a ja | ||
| 082 | 0 | 4 | _a 635.9663 |
| 100 | 1 |
_aTeshigahara, Sofu _9978999 |
|
| 245 | 1 | 0 |
_aBest of Ikebana, Sogetsu School / _cSofu Teshogahara ; translated by Hisako Komine |
| 260 |
_aTokyo : _bShufunotomo, _c1962 |
||
| 300 |
_a90 p. ; _c26 cm. |
||
| 650 | 0 |
_aFlower arrangement, Japanese _xOhara school _9974514 |
|
| 700 | 1 |
_aKomine, Hisako, _4trl _9979000 |
|
| 887 | _a | ||
| 901 |
_a386184 _b12.03.1968 |
||
| 902 | _aE/O 635.9663 T 283 | ||
| 949 |
_AVIRTUAITEM _D10000 _X100 _6PUR000386184ENG |
||
| 942 |
_2ddc _cBKS |
||
| 999 |
_aVIRTUA40 _c858043 _d858043 |
||